000 00603nam a22001697a 4500
003 OSt
005 20260406122725.0
008 260406b |||||||| |||| 00| 0 eng d
040 _cMRSPTU
041 _aEnglish
100 _aAmandeep Kaur, Supervisor: Dr. Puneet Kumar Bansal
245 _aNeuroprotective Effect of Nerolidol In Traumatic Brain Injury Associated Behavioral Comorbidities In Rats
260 _bDepartment of Pharmacy, MRSPTU, Bathinda
_c2019
650 _aPharmaceutical Sciences and Technology
856 _uhttp://163.47.215.52:8080/jspui/handle/123456789/155
942 _2ddc
_cTH
_n0
999 _c11293
_d11293